Analýza faktorov kvality pracovného prostredia na základe prípadovej štúdie bakalárska práca

Gespeichert in:
Bibliographische Detailangaben
1. Verfasser: Drozdová, Timea
Körperschaft: Podnikovohospodárska fakulta EU so sídlom v Košiciach. Katedra manažmentu
Weitere Verfasser: Pudło, Patrycja
Format: Buch
Sprache:Slowakisch
Veröffentlicht: Košice 2011
Tags: Tag hinzufügen
Keine Tags, Fügen Sie das erste Tag hinzu!

MARC

LEADER 00000nbm a2200000 4500
001 0139528
005 20161109111626.9
041 0 |a slo 
044 |a SK 
245 1 0 |a Analýza faktorov kvality pracovného prostredia na základe prípadovej štúdie  |b bakalárska práca  |c Timea Drozdová ; školiteľ: Patrycja Pudło 
264 1 |a Košice  |c 2011 
300 |a 57 s. 
100 1 |a Drozdová, Timea 
700 1 |a Pudło, Patrycja 
710 2 |a Podnikovohospodárska fakulta EU so sídlom v Košiciach. Katedra manažmentu